| 000 | 00535nam a2200193Ia 4500 | ||
|---|---|---|---|
| 005 | 20250508154034.0 | ||
| 008 | 008 250505s9999 xx 000 0 eng d | ||
| 037 | _aTextual | ||
| 040 |
_aFEDL _beng _cFEDL |
||
| 041 |
_aeng _2eng |
||
| 084 |
_a370.973, BRA _qFEDL |
||
| 100 |
_aBrauner Charles J _9139729 |
||
| 245 | 0 | _aAmerican educational theory | |
| 260 |
_aEnglewood Cliffs _b Prentice-Hall _c1964 |
||
| 300 | _aix,341p. | ||
| 650 | _aEducation | ||
| 942 |
_cTEXL _h370.973, BRA |
||
| 999 |
_c1347215 _d1347215 |
||